000 00393nam a2200145Ia 4500
008 230917s9999||||xx |||||||||||||| ||und||
040 _e236318
_aMAIN
041 _aEnglish
082 _a530.416 V659F
100 _aVibhor Kumar
245 0 _aFabrication of sic based schottky diodes and investigation of the effect of ion irradiation
260 _c2016
300 _a189 p.
942 _cTH
999 _c126971
_d126971